[Event "Deutsche Ländermeisterschaft 2014"]
[Site "Hannover GER"]
[Date "2014.10.06"]
[Round "6"]
[White "Biastoch, Bennet"]
[Black "Zimmer, Raphael"]
[Result "1-0"]
[Termination "normal"]
[Board "6.5"]
[WhiteElo "1838"]
[BlackElo "1902"]
[WhiteTeam "Sachsen-Anhalt"]
[BlackTeam "Baden 2"]
[PlyCount "87"]
[WhiteFideId "12939889"]
[BlackFideId "12978841"]
[EventCountry "GER"]
[EventRounds "7"]
[EventType "team-swiss"]
[EventDate "2014.10.02"]

1. e4 e5 2. Nf3 Nc6 3. Bc4 Bc5 4. c3 Nf6 5. d4 exd4 6. e5 d5 7. Be2 Ne4 8. cxd4
Bb6 9. O-O O-O 10. Nc3 Bg4 11. Be3 f5 12. Na4 f4 13. Nxb6 fxe3 14. Nxa8 exf2+
15. Rxf2 Nxf2 16. Kxf2 Qxa8 17. Kg1 Ne7 18. Ng5 Bxe2 19. Qxe2 Qc8 20. Qc2 Qf5
21. Qxf5 Nxf5 22. Ne6 Rf7 23. Rd1 c6 24. Rd3 Re7 25. Ng5 h6 26. Nf3 g5 27. Nd2
Ng7 28. Nb3 Ne6 29. Rf3 Rf7 30. Kf2 Nf4 31. Kf1 g4 32. Rf2 b6 33. Nc1 h5 34. b4
h4 35. Ne2 Ne6 36. Rxf7 Kxf7 37. Kf2 Kg6 38. Ke3 Kf5 39. g3 h3 40. Nc3 c5 41.
Nb5 Nxd4 42. Nxd4+ cxd4+ 43. Kxd4 Ke6 44. b5 1-0

[Event "Deutsche Ländermeisterschaft 2014"]
[Site "Hannover GER"]
[Date "2014.10.06"]
[Round "6"]
[White "Riegel, Arinna"]
[Black "Roseneck, Jonas"]
[Result "0-1"]
[Termination "normal"]
[Board "6.6"]
[WhiteElo "1620"]
[BlackElo "1765"]
[WhiteTeam "Baden 2"]
[BlackTeam "Sachsen-Anhalt"]
[PlyCount "62"]
[WhiteFideId "12931446"]
[BlackFideId "12939870"]
[EventCountry "GER"]
[EventRounds "7"]
[EventType "team-swiss"]
[EventDate "2014.10.02"]

1. e4 c5 2. Nf3 d6 3. d4 cxd4 4. Nxd4 Nf6 5. f3 e5 6. Nb3 a5 7. a4 d5 8. Bg5
Bb4+ 9. c3 Be7 10. Bxf6 Bxf6 11. Qxd5 Qc7 12. Qc5 Nc6 13. Bb5 Bh4+ 14. g3 Be7
15. Bxc6+ bxc6 16. Qf2 Rb8 17. Nc1 Ba6 18. b3 O-O 19. Nd2 Rfd8 20. Ne2 Bxe2 21.
Qxe2 Bg5 22. Rd1 Bxd2+ 23. Rxd2 Rxb3 24. Rxd8+ Qxd8 25. Qc2 Qb6 26. Kd2 Rb2 27.
Rc1 Qf2+ 28. Kd3 Rxc2 29. Rxc2 Qxf3+ 30. Kd2 Qxe4 31. Rb2 g6 0-1

[Event "Deutsche Ländermeisterschaft 2014"]
[Site "Hannover GER"]
[Date "2014.10.06"]
[Round "6"]
[White "Lohrmann, Tabea"]
[Black "Delgado, Celina"]
[Result "1-0"]
[Termination "normal"]
[Board "6.8"]
[WhiteElo "1467"]
[BlackElo "1168"]
[WhiteTeam "Baden 2"]
[BlackTeam "Sachsen-Anhalt"]
[PlyCount "45"]
[WhiteFideId "12911941"]
[BlackFideId "12993735"]
[EventCountry "GER"]
[EventRounds "7"]
[EventType "team-swiss"]
[EventDate "2014.10.02"]

1. e4 e5 2. Nf3 Nc6 3. d4 exd4 4. Bc4 Nf6 5. e5 Ne4 6. O-O Be7 7. Re1 Nc5 8.
Nxd4 O-O 9. Nc3 Ne6 10. Nf5 Bc5 11. Qg4 g6 12. Bxe6 fxe6 13. Nh6+ Kg7 14. Ne4
Be7 15. Ng5 Nb4 16. Qh4 Rh8 17. Nhf7 Qf8 18. Nxh8 Qxh8 19. Nxe6+ Kf7 20. Ng5+
Kg7 21. Qc4 Bxg5 22. Bxg5 Nc6 23. Bf6+ 1-0

[Event "Deutsche Ländermeisterschaft 2014"]
[Site "Hannover GER"]
[Date "2014.10.06"]
[Round "6"]
[White "Hampel, Felix"]
[Black "Urban, Lars"]
[Result "1/2-1/2"]
[Termination "normal"]
[Board "7.1"]
[WhiteElo "2160"]
[BlackElo "2174"]
[WhiteTeam "Niedersachsen 2"]
[BlackTeam "Thüringen"]
[PlyCount "127"]
[WhiteFideId "24668125"]
[BlackFideId "4644034"]
[EventCountry "GER"]
[EventRounds "7"]
[EventType "team-swiss"]
[EventDate "2014.10.02"]

1. c4 e6 2. Nf3 d5 3. d4 Nf6 4. g3 Bb4+ 5. Bd2 Be7 6. Bg2 O-O 7. O-O c6 8. Qc2
b6 9. b3 Nbd7 10. Bc3 Bb7 11. Nbd2 Rc8 12. e4 Nxe4 13. Nxe4 dxe4 14. Qxe4 Nf6
15. Qe2 c5 16. Rad1 cxd4 17. Bxd4 Qc7 18. Rd3 Rfd8 19. Rfd1 h6 20. Ne5 Bxg2 21.
Kxg2 Ne8 22. Qh5 Bf6 23. Ng4 Bxd4 24. Rxd4 f5 25. Rxd8 Rxd8 26. Rxd8 Qxd8 27.
Ne5 Nd6 28. Qg6 Qf6 29. Qxf6 gxf6 30. Nc6 a5 31. Nd8 e5 32. Ne6 a4 33. Nc7 axb3
34. axb3 Kf7 35. Nd5 b5 36. c5 Nc8 37. Kh3 Na7 38. Kh4 Nc6 39. Kh5 Kg7 40. b4
e4 41. h3 f4 42. Nxf4 Nxb4 43. Ne6+ Kh7 44. Nd4 Na6 45. Nxb5 Nxc5 46. Nd6 f5
47. Nxf5 Nd3 48. Nxh6 Nxf2 49. Ng4 Nxh3 50. Nf6+ Kg7 51. Nxe4 Ng1 52. Kg5 Ne2
53. g4 Nd4 54. Nd6 Ne6+ 55. Kf5 Nf8 56. Ne8+ Kf7 57. Nc7 Ng6 58. Nb5 Kg7 59.
Nd6 Ne7+ 60. Kg5 Nd5 61. Nf5+ Kh7 62. Nd6 Ne3 63. Kh5 Nxg4 64. Kxg4 1/2-1/2

[Event "Deutsche Ländermeisterschaft 2014"]
[Site "Hannover GER"]
[Date "2014.10.06"]
[Round "6"]
[White "Diederichs, Luise"]
[Black "Zahn, Alina"]
[Result "1/2-1/2"]
[Termination "normal"]
[Board "7.3"]
[WhiteElo "1992"]
[BlackElo "2024"]
[WhiteTeam "Niedersachsen 2"]
[BlackTeam "Thüringen"]
[PlyCount "91"]
[WhiteFideId "24661597"]
[BlackFideId "24696730"]
[EventCountry "GER"]
[EventRounds "7"]
[EventType "team-swiss"]
[EventDate "2014.10.02"]

1. d4 d5 2. c4 e6 3. Nc3 Nf6 4. Nf3 Be7 5. Bg5 Nbd7 6. e3 O-O 7. Qc2 a6 8. Rd1
c6 9. a3 Re8 10. Bd3 Nf8 11. O-O Ng6 12. Rfe1 Bd7 13. e4 dxe4 14. Nxe4 Nxe4 15.
Bxe7 Rxe7 16. Bxe4 Qe8 17. Ne5 Nf8 18. c5 Rd8 19. Nc4 Bc8 20. Nd6 Qd7 21. Re3
h6 22. Rde1 Qc7 23. Rg3 Nd7 24. Qd2 Kf8 25. Rh3 f5 26. Bd3 Nf6 27. Rhe3 Nd5 28.
Re5 b6 29. Bc4 bxc5 30. dxc5 Nf6 31. Qc2 Ne4 32. R1xe4 fxe4 33. Qxe4 Rxd6 34.
cxd6 Qxd6 35. h3 Qd1+ 36. Kh2 Qd2 37. Qe2 Qf4+ 38. g3 Qd4 39. Re4 Qb6 40. Kg1
c5 41. Re5 Qc6 42. Bd5 Qd6 43. Bf3 Qb6 44. Bh5 Bb7 45. Qd2 Bd5 46. Qf4+ 1/2-1/2

[Event "Deutsche Ländermeisterschaft 2014"]
[Site "Hannover GER"]
[Date "2014.10.06"]
[Round "6"]
[White "Nguyen, Huy Dat"]
[Black "Phunhon Lopez, Daniel Alejandro"]
[Result "1-0"]
[Termination "normal"]
[Board "7.4"]
[WhiteElo "1952"]
[BlackElo "1807"]
[WhiteTeam "Thüringen"]
[BlackTeam "Niedersachsen 2"]
[PlyCount "49"]
[WhiteFideId "12923486"]
[BlackFideId "12952567"]
[EventCountry "GER"]
[EventRounds "7"]
[EventType "team-swiss"]
[EventDate "2014.10.02"]

1. e4 c5 2. Nf3 e6 3. d4 cxd4 4. Nxd4 a6 5. Bd3 Nc6 6. Nxc6 bxc6 7. O-O d5 8.
Nc3 Qc7 9. Qe2 Bb7 10. Bd2 Nf6 11. Rae1 d4 12. Na4 e5 13. b3 a5 14. f4 Bd6 15.
Nb2 O-O 16. Nc4 a4 17. Nxd6 Qxd6 18. fxe5 Qxe5 19. Rf5 Qe7 20. Bg5 Rad8 21. e5
h6 22. Bh4 Bc8 23. Rxf6 gxf6 24. Bxf6 Qc7 25. Qe4 1-0

[Event "Deutsche Ländermeisterschaft 2014"]
[Site "Hannover GER"]
[Date "2014.10.06"]
[Round "6"]
[White "Polster, Christian"]
[Black "Scheftlein, Richard"]
[Result "0-1"]
[Termination "normal"]
[Board "7.5"]
[WhiteElo "1818"]
[BlackElo "1999"]
[WhiteTeam "Niedersachsen 2"]
[BlackTeam "Thüringen"]
[PlyCount "52"]
[WhiteFideId "12965081"]
[BlackFideId "12945609"]
[EventCountry "GER"]
[EventRounds "7"]
[EventType "team-swiss"]
[EventDate "2014.10.02"]

1. e4 e6 2. d4 d5 3. Nc3 Bb4 4. e5 c5 5. a3 Bxc3+ 6. bxc3 Ne7 7. Qg4 O-O 8. Bd3
f5 9. exf6 Rxf6 10. Bg5 Rf7 11. Qh5 g6 12. Qd1 Nbc6 13. Nf3 Qf8 14. O-O c4 15.
Be2 h6 16. Be3 Nf5 17. Qc1 Kh7 18. h4 Bd7 19. h5 gxh5 20. Ne5 Nxe5 21. dxe5 Qg7
22. f4 Rg8 23. Rf2 d4 24. cxd4 Bc6 25. Bf1 Qg3 26. Re2 Nh4 0-1

[Event "Deutsche Ländermeisterschaft 2014"]
[Site "Hannover GER"]
[Date "2014.10.06"]
[Round "6"]
[White "Ratay, Meike"]
[Black "von Estorff, Jacob"]
[Result "0-1"]
[Termination "normal"]
[Board "7.6"]
[WhiteElo "1575"]
[BlackElo "1697"]
[WhiteTeam "Thüringen"]
[BlackTeam "Niedersachsen 2"]
[PlyCount "76"]
[WhiteFideId "12977608"]
[BlackFideId "12974501"]
[EventCountry "GER"]
[EventRounds "7"]
[EventType "team-swiss"]
[EventDate "2014.10.02"]

1. d4 d5 2. g3 Nf6 3. Bg2 Nc6 4. e3 Bf5 5. Ne2 e6 6. O-O Bd6 7. b3 O-O 8. Bb2
Ne7 9. c4 c6 10. Nbc3 b6 11. cxd5 cxd5 12. Rc1 Rc8 13. Nb5 Bb8 14. Rxc8 Qxc8
15. Nbc3 Qd7 16. Qd2 Rc8 17. Rc1 Nc6 18. Ba3 Bg6 19. Bf1 Bh5 20. Bg2 Bg6 21.
Bf1 h5 22. h4 e5 23. Bg2 e4 24. Nf4 Bxf4 25. exf4 Bf5 26. Nb5 Bh3 27. Qd1 Bxg2
28. Kxg2 Ng4 29. Nd6 Rd8 30. Nb5 e3 31. Qc2 Ne7 32. Bxe7 Qxe7 33. Qe2 Nxf2 34.
Rc7 Qe6 35. Qe1 Qe4+ 36. Kh2 Ng4+ 37. Kg1 e2 38. Rc3 a6 0-1

[Event "Deutsche Ländermeisterschaft 2014"]
[Site "Hannover GER"]
[Date "2014.10.06"]
[Round "6"]
[White "Möller, Hannah"]
[Black "Grund, Sebastian"]
[Result "0-1"]
[Termination "normal"]
[Board "7.7"]
[WhiteElo "1573"]
[BlackElo "1791"]
[WhiteTeam "Niedersachsen 2"]
[BlackTeam "Thüringen"]
[PlyCount "152"]
[WhiteFideId "1270514"]
[BlackFideId "12988626"]
[EventCountry "GER"]
[EventRounds "7"]
[EventType "team-swiss"]
[EventDate "2014.10.02"]

1. c4 Nf6 2. g3 g6 3. Bg2 Bg7 4. Nc3 O-O 5. e3 c5 6. Nge2 Nc6 7. O-O Ne5 8. d3
Rb8 9. a3 d6 10. b4 a6 11. Rb1 cxb4 12. axb4 b5 13. cxb5 axb5 14. Nf4 Bb7 15.
Ra1 Bxg2 16. Kxg2 Qc7 17. Qc2 Qc6+ 18. e4 Nfd7 19. Bd2 Nb6 20. Qb3 Rfc8 21.
Rac1 Qd7 22. Ncd5 Nxd5 23. Nxd5 Nc6 24. Be3 Nd4 25. Rxc8+ Rxc8 26. Bxd4 Bxd4
27. Qa3 g5 28. Qa6 Rc2 29. Qa8+ Kg7 30. Qb8 Ba7 31. Nb6 Bxb8 32. Nxd7 Ba7 33.
e5 Rc7 34. exd6 Rxd7 35. dxe7 Rxe7 36. Rd1 Bd4 37. Kf3 f5 38. h3 Kf6 39. g4 f4
40. Rc1 Re6 41. Rc7 Kg6 42. Rc1 Bb2 43. Rb1 Bc3 44. Rb3 Bd4 45. Rb1 h5 46. Rc1
hxg4+ 47. hxg4 Kf6 48. Rh1 Bc3 49. Rb1 Ke5 50. Rc1 Kd4 51. Rd1 Bxb4 52. Rb1 Kc3
53. d4 Ba3 54. Rxb5 Be7 55. Re5 Rxe5 56. dxe5 Kd4 57. e6 Ke5 58. Ke2 Kxe6 59.
Kd3 Kd5 60. f3 Bc5 61. Kc3 Bd4+ 62. Kd3 Bf6 63. Kc2 Kd4 64. Kd2 Bd8 65. Ke2 Kc3
66. Kf1 Kd2 67. Kf2 Bb6+ 68. Kg2 Ke2 69. Kh2 Kxf3 70. Kh3 Ke2 71. Kh2 f3 72.
Kg3 f2 73. Kh2 f1=Q 74. Kg3 Qf3+ 75. Kh2 Bc7+ 76. Kg1 Qf1# 0-1

[Event "Deutsche Ländermeisterschaft 2014"]
[Site "Hannover GER"]
[Date "2014.10.06"]
[Round "6"]
[White "Geletzke, Hannah"]
[Black "Reichelt, Lena"]
[Result "1-0"]
[Termination "normal"]
[Board "7.8"]
[WhiteElo "1251"]
[BlackElo "1274"]
[WhiteTeam "Thüringen"]
[BlackTeam "Niedersachsen 2"]
[PlyCount "90"]
[WhiteFideId "12983330"]
[BlackFideId "12981184"]
[EventCountry "GER"]
[EventRounds "7"]
[EventType "team-swiss"]
[EventDate "2014.10.02"]

1. e4 e6 2. d4 d5 3. exd5 exd5 4. Bd3 Nf6 5. Ne2 Bd6 6. Bf4 c6 7. Nd2 O-O 8.
O-O Bg4 9. f3 Be6 10. Re1 Qc7 11. Bxd6 Qxd6 12. Ng3 Re8 13. Nb3 Nbd7 14. Qd2
Nb6 15. Nc5 Rab8 16. b3 Nbd7 17. Nxe6 Rxe6 18. Re2 Rxe2 19. Nxe2 Re8 20. Re1
Nh5 21. Ng3 Nhf6 22. Rxe8+ Nxe8 23. Qg5 Qf6 24. Qg4 g6 25. Qxd7 Ng7 26. Qc8+
Ne8 27. Qxe8+ Kg7 28. Qe5 Qxe5 29. dxe5 Kf8 30. Kf2 Ke7 31. f4 f5 32. Ne2 Ke6
33. Kg3 h6 34. h4 h5 35. c4 a6 36. b4 Ke7 37. Nc3 dxc4 38. Bxc4 Ke8 39. a4 Ke7
40. Kf3 Ke8 41. Ke3 Ke7 42. Kd4 Ke8 43. Kc5 Ke7 44. Kb6 Kd8 45. Kxb7 Kd7 1-0

[Event "Deutsche Ländermeisterschaft 2014"]
[Site "Hannover GER"]
[Date "2014.10.06"]
[Round "6"]
[White "Eichstaedt, Mirko"]
[Black "Rieß, Alexander"]
[Result "1/2-1/2"]
[Termination "normal"]
[Board "8.1"]
[WhiteElo "1994"]
[BlackElo "1937"]
[WhiteTeam "Brandenburg"]
[BlackTeam "Team Nord"]
[PlyCount "111"]
[WhiteFideId "24692310"]
[BlackFideId "12953326"]
[EventCountry "GER"]
[EventRounds "7"]
[EventType "team-swiss"]
[EventDate "2014.10.02"]

1. a3 Nf6 2. Nf3 g6 3. g3 Bg7 4. Bg2 O-O 5. O-O d5 6. d4 c6 7. Nbd2 Nbd7 8. b4
e5 9. dxe5 Ng4 10. Bb2 Ngxe5 11. Qc1 Re8 12. e3 a5 13. Nxe5 Nxe5 14. Nf3 Nc4
15. Bxg7 Kxg7 16. Nd2 Nxd2 17. Qxd2 Be6 18. Rfb1 axb4 19. Rxb4 b5 20. h4 Qf6
21. c3 Red8 22. Qd4 Qxd4 23. cxd4 Rdc8 24. e4 dxe4 25. Bxe4 Kf6 26. Rc1 Bd7 27.
Rb3 Ke6 28. g4 Ra4 29. Rd1 Kd6 30. g5 Be6 31. Rc3 Rc7 32. f3 Bc4 33. Bc2 Raa7
34. Kf2 Bd5 35. Be4 Ra4 36. Rdd3 f5 37. gxf6 Rf7 38. Rc5 Rxd4 39. Rxc6+ Kxc6
40. Rxd4 Bxe4 41. fxe4 Rxf6+ 42. Ke3 Rd6 43. Rb4 Rd1 44. Kf4 Rf1+ 45. Kg5 Rf3
46. a4 bxa4 47. Rxa4 Kd6 48. Kh6 Rh3 49. Kg7 Ke5 50. Ra5+ Kxe4 51. Kf6 Rf3+ 52.
Kg7 Rh3 53. Ra4+ Kf5 54. Ra5+ Kf4 55. Ra4+ Kf5 56. Ra5+ 1/2-1/2

[Event "Deutsche Ländermeisterschaft 2014"]
[Site "Hannover GER"]
[Date "2014.10.06"]
[Round "6"]
[White "Nahnsen, Kenneth"]
[Black "Cech, Tim"]
[Result "1/2-1/2"]
[Termination "normal"]
[Board "8.2"]
[WhiteElo "1960"]
[BlackElo "1812"]
[WhiteTeam "Team Nord"]
[BlackTeam "Brandenburg"]
[PlyCount "95"]
[WhiteFideId "12957119"]
[BlackFideId "1270258"]
[EventCountry "GER"]
[EventRounds "7"]
[EventType "team-swiss"]
[EventDate "2014.10.02"]

1. e4 e6 2. d4 d5 3. Nc3 Nf6 4. Bg5 Be7 5. e5 Nfd7 6. Bxe7 Qxe7 7. f4 O-O 8.
Nf3 c5 9. Nb5 Nc6 10. dxc5 Nxc5 11. a3 f6 12. Bd3 Nxd3+ 13. Qxd3 Bd7 14. Nc3
fxe5 15. fxe5 Rf5 16. O-O Nxe5 17. Nxe5 Rxe5 18. Qd4 Rh5 19. h3 b6 20. b4 Rf8
21. Rxf8+ Qxf8 22. Rf1 Rf5 23. Rxf5 Qxf5 24. Qh4 Qf6 25. Qg3 Qf8 26. Qc7 Qe7
27. Qxa7 Qd6 28. Qa8+ Kf7 29. Qd8 Qc6 30. Ne2 e5 31. Qb8 Qe6 32. c3 b5 33. Qc7
Kf6 34. Ng3 g6 35. Nf1 Ke7 36. Qa7 Qc6 37. Ne3 Ke6 38. Qb8 Qc8 39. Qb6+ Bc6 40.
Qc5 Qd7 41. Qf8 Qa7 42. Qg8+ Kf6 43. Qf8+ Ke6 44. Qg8+ Kd6 45. Qf8+ Ke6 46.
Qg8+ Kd6 47. Qf8+ Ke6 48. h4 1/2-1/2

[Event "Deutsche Ländermeisterschaft 2014"]
[Site "Hannover GER"]
[Date "2014.10.06"]
[Round "6"]
[White "Nguyen, Anh Van"]
[Black "Schnabel, Bennett"]
[Result "0-1"]
[Termination "normal"]
[Board "8.3"]
[WhiteElo "1640"]
[BlackElo "1744"]
[WhiteTeam "Brandenburg"]
[BlackTeam "Team Nord"]
[PlyCount "104"]
[WhiteFideId "12908223"]
[BlackFideId "12943290"]
[EventCountry "GER"]
[EventRounds "7"]
[EventType "team-swiss"]
[EventDate "2014.10.02"]

1. d4 Nf6 2. Nf3 g6 3. g3 Bg7 4. Bg2 O-O 5. O-O d6 6. c4 Nbd7 7. Nc3 a6 8. Bd2
e5 9. Qc1 Re8 10. Rd1 Ng4 11. dxe5 Ngxe5 12. Nxe5 dxe5 13. Nd5 c6 14. Nc3 f5
15. Bg5 Qc7 16. e4 Nf6 17. exf5 gxf5 18. Qc2 Be6 19. Qe2 h6 20. Be3 Qf7 21. b3
f4 22. Bd2 e4 23. f3 Ng4 24. fxg4 f3 25. Qxe4 Bd5 26. Qd3 f2+ 27. Kf1 Bxg2+ 28.
Kxg2 Rad8 29. Qf1 Rf8 30. Rac1 Qf3+ 31. Kh3 h5 32. g5 Bxc3 33. Rxc3 Qxc3 34.
Bxc3 Rxd1 35. Qxd1 f1=Q+ 36. Qxf1 Rxf1 37. Bb4 Rf2 38. a3 Rb2 39. Bd6 Rxb3 40.
Kh4 Rc3 41. Kxh5 Rxc4 42. g6 Rd4 43. Bf4 c5 44. h4 Rxf4 45. gxf4 c4 46. f5 c3
47. f6 c2 48. f7+ Kg7 49. f8=Q+ Kxf8 50. Kh6 c1=Q+ 51. Kh7 Qc7+ 52. Kh8 Qg7#
0-1

[Event "Deutsche Ländermeisterschaft 2014"]
[Site "Hannover GER"]
[Date "2014.10.06"]
[Round "6"]
[White "Sauer, Annika"]
[Black "Wagner, Benjamin"]
[Result "1-0"]
[Termination "normal"]
[Board "8.5"]
[WhiteElo "1624"]
[BlackElo "1601"]
[WhiteTeam "Brandenburg"]
[BlackTeam "Team Nord"]
[PlyCount "63"]
[WhiteFideId "12952052"]
[BlackFideId "12957330"]
[EventCountry "GER"]
[EventRounds "7"]
[EventType "team-swiss"]
[EventDate "2014.10.02"]

1. d4 Nf6 2. c4 g6 3. Nc3 Bg7 4. e4 d6 5. Nf3 O-O 6. Be2 e5 7. O-O Nc6 8. d5
Ne7 9. b4 a5 10. Ba3 b6 11. bxa5 Nh5 12. Re1 Nf4 13. Qb3 bxa5 14. c5 f5 15. Bc4
fxe4 16. Nxe4 Nf5 17. Rad1 Kh8 18. cxd6 cxd6 19. Nfg5 Nd4 20. Qc3 Rf5 21. Bxd6
Rxg5 22. Nxg5 Qxg5 23. Qg3 Qh5 24. Rxd4 exd4 25. Re8+ Bf8 26. Rxf8+ Kg7 27.
Qxf4 Qd1+ 28. Bf1 Bf5 29. Rxa8 d3 30. Ra7+ Kg8 31. Qh6 d2 32. Qf8# 1-0

[Event "Deutsche Ländermeisterschaft 2014"]
[Site "Hannover GER"]
[Date "2014.10.06"]
[Round "6"]
[White "Giede, Anna-Blume"]
[Black "Röhr, Tobias"]
[Result "0-1"]
[Termination "normal"]
[Board "8.6"]
[WhiteElo "1456"]
[BlackElo "1618"]
[WhiteTeam "Team Nord"]
[BlackTeam "Brandenburg"]
[PlyCount "102"]
[WhiteFideId "12921980"]
[BlackFideId "12963089"]
[EventCountry "GER"]
[EventRounds "7"]
[EventType "team-swiss"]
[EventDate "2014.10.02"]

1. e4 e5 2. Nf3 Nc6 3. d4 exd4 4. Nxd4 Bc5 5. Be3 Qf6 6. c3 Nge7 7. Qf3 Nxd4 8.
Qxf6 Nc2+ 9. Kd2 Bxe3+ 10. fxe3 gxf6 11. Kxc2 Rg8 12. g3 b6 13. Bd3 Ng6 14. Rf1
Ke7 15. Nd2 Ne5 16. Rf4 d6 17. Rd1 Bg4 18. Rdf1 Be6 19. Ra1 a6 20. b3 b5 21.
Re1 c5 22. Nf3 Ng6 23. Rf1 Nxf4 24. exf4 b4 25. c4 a5 26. f5 Bd7 27. Ne1 a4 28.
Kb2 axb3 29. axb3 Ra7 30. Nc2 Rga8 31. Kc1 Bc6 32. Rf4 Kf8 33. Rh4 Kg7 34. Rg4+
Kh8 35. Rh4 Re8 36. Kd2 Rae7 37. Ke3 d5 38. cxd5 Bxd5 39. Bb5 Rxe4+ 40. Rxe4
Rxe4+ 41. Kd3 Re5 42. Ba4 Be4+ 43. Kd2 Bxc2 44. Kxc2 Rxf5 45. Kd3 Rf3+ 46. Ke2
Rc3 47. Kd2 Kg7 48. g4 Kh6 49. h4 f5 50. gxf5 f6 51. Ke2 Kh5 0-1

[Event "Deutsche Ländermeisterschaft 2014"]
[Site "Hannover GER"]
[Date "2014.10.06"]
[Round "6"]
[White "Gericke, Nicholas"]
[Black "Caliebe, Nanke"]
[Result "0-1"]
[Termination "normal"]
[Board "8.7"]
[WhiteElo "1606"]
[BlackElo "1446"]
[WhiteTeam "Brandenburg"]
[BlackTeam "Team Nord"]
[PlyCount "104"]
[WhiteFideId "12952141"]
[BlackFideId "12980528"]
[EventCountry "GER"]
[EventRounds "7"]
[EventType "team-swiss"]
[EventDate "2014.10.02"]

1. e4 c5 2. c3 e6 3. d4 cxd4 4. cxd4 Bb4+ 5. Bd2 Bxd2+ 6. Nxd2 d6 7. Ngf3 Nf6
8. Bc4 d5 9. Bb5+ Nc6 10. e5 Nd7 11. Rc1 Qb6 12. Qa4 Ndb8 13. O-O Bd7 14. Rfd1
O-O 15. Nf1 Nxe5 16. Nxe5 Bxb5 17. Qc2 Nd7 18. f4 Nxe5 19. fxe5 Bxf1 20. Kxf1
Qa6+ 21. Kf2 Qxa2 22. Ra1 Qc4 23. Rac1 Rfc8 24. Rd2 Rc7 25. b3 Qxc2 26. Rdxc2
Rxc2+ 27. Rxc2 h6 28. Rc7 Rb8 29. b4 a6 30. Ke3 g5 31. g4 Kg7 32. Kd3 Kg6 33.
h3 b5 34. Rc6 Ra8 35. Rb6 a5 36. Rxb5 axb4 37. Rxb4 Ra3+ 38. Ke2 Rxh3 39. Kf2
h5 40. gxh5+ Kxh5 41. Rb7 Kg6 42. Rb8 Rh7 43. Kf3 Kf5 44. Rf8 Rg7 45. Rh8 g4+
46. Ke3 g3 47. Rh6 Rg6 48. Rh7 f6 49. Rh5+ Rg5 50. Rxg5+ Kxg5 51. exf6 Kxf6 52.
Kf3 Kf5 0-1

[Event "Deutsche Ländermeisterschaft 2014"]
[Site "Hannover GER"]
[Date "2014.10.06"]
[Round "6"]
[White "Wolterink, Jule"]
[Black "Pietsch, Katharina"]
[Result "1-0"]
[Termination "normal"]
[Board "8.8"]
[WhiteElo "1003"]
[BlackElo "981"]
[WhiteTeam "Team Nord"]
[BlackTeam "Brandenburg"]
[PlyCount "89"]
[WhiteFideId "12981206"]
[BlackFideId "12997013"]
[EventCountry "GER"]
[EventRounds "7"]
[EventType "team-swiss"]
[EventDate "2014.10.02"]

1. c4 e5 2. Nc3 Nf6 3. g3 d5 4. b3 d4 5. Nb1 Nc6 6. Bg2 Bd7 7. e4 dxe3 8. dxe3
Bb4+ 9. Bd2 Bxd2+ 10. Nxd2 O-O 11. e4 Nb4 12. Qb1 Bc6 13. Ngf3 Nd3+ 14. Ke2 Nc5
15. Nxe5 Qd6 16. Nxc6 Qxc6 17. Re1 b5 18. Kf1 Qd6 19. Qc2 Ng4 20. Kg1 Qf6 21.
Rf1 Rad8 22. h3 Ne5 23. Rad1 b4 24. Rfe1 Ncd3 25. Re2 Nc6 26. Kh2 Nde5 27. Nf1
Nd4 28. Qb2 Nxe2 29. Rxd8 Rxd8 30. Qxe2 Nd3 31. Kg1 Nb2 32. e5 Qe6 33. Qxb2 c5
34. Qe2 Qe7 35. Nd2 f6 36. Bd5+ Kf8 37. Nf3 a6 38. Qe4 Ke8 39. Kg2 h6 40. Bc6+
Kf8 41. Qh7 Kf7 42. Qf5 a5 43. Bd5+ Kf8 44. e6 Kg8 45. Nh4 1-0

[Event "Deutsche Ländermeisterschaft 2014"]
[Site "Hannover GER"]
[Date "2014.10.06"]
[Round "6"]
[White "Weber, Max"]
[Black "Kneip, Jakob"]
[Result "0-1"]
[Termination "normal"]
[Board "9.1"]
[WhiteElo "2188"]
[BlackElo "2033"]
[WhiteTeam "Mecklenburg-Vorpommern"]
[BlackTeam "Hamburg"]
[PlyCount "134"]
[WhiteFideId "4624831"]
[BlackFideId "12912859"]
[EventCountry "GER"]
[EventRounds "7"]
[EventType "team-swiss"]
[EventDate "2014.10.02"]

1. Nf3 Nf6 2. c4 c6 3. Nc3 d5 4. e3 e6 5. b3 Bd6 6. Bb2 O-O 7. Be2 a6 8. d4
Nbd7 9. Qc2 Qe7 10. O-O Rd8 11. e4 dxe4 12. Nxe4 Nxe4 13. Qxe4 Nf6 14. Qc2 c5
15. Rad1 cxd4 16. Nxd4 Bd7 17. Bd3 Bb4 18. Nf3 h6 19. Ne5 Be8 20. Qe2 Bd6 21.
Bb1 Bxe5 22. Bxe5 Bc6 23. Rd3 Rxd3 24. Qxd3 Rd8 25. Qe2 Nd7 26. Bc3 Qg5 27. f3
Nf6 28. Kh1 Nh5 29. Rd1 Nf4 30. Rxd8+ Qxd8 31. Qd2 Qg5 32. Be5 Nh3 33. Qxg5
Nxg5 34. Kg1 Bxf3 35. h4 Be4 36. hxg5 Bxb1 37. gxh6 gxh6 38. a3 Ba2 39. b4 Bxc4
40. Kf2 Kh7 41. Ke3 Kg6 42. Bg3 Bd5 43. Kf2 Kf5 44. Bh4 Bc6 45. g3 Ke4 46. Bf6
Kd3 47. g4 Kc2 48. Bg7 Kb3 49. Bxh6 Kxa3 50. Bd2 Ka4 51. Ke3 Kb5 52. Kd4 Bf3
53. g5 b6 54. Kc3 a5 55. bxa5 Kxa5 56. Kc4+ Ka4 57. Bc3 Be2+ 58. Kd4 Kb3 59.
Ba1 Bf1 60. Ke5 Bd3 61. Kd4 Bf5 62. Ke3 Kc2 63. Kd4 Bd3 64. Ke3 b5 65. Kd4 b4
66. Kc5 b3 67. Kd4 Bg6 0-1

[Event "Deutsche Ländermeisterschaft 2014"]
[Site "Hannover GER"]
[Date "2014.10.06"]
[Round "6"]
[White "Spät, Alexander"]
[Black "Ispirjan, Mikael"]
[Result "1-0"]
[Termination "normal"]
[Board "9.2"]
[WhiteElo "2014"]
[BlackElo "1963"]
[WhiteTeam "Hamburg"]
[BlackTeam "Mecklenburg-Vorpommern"]
[PlyCount "93"]
[WhiteFideId "24687693"]
[BlackFideId "1271217"]
[EventCountry "GER"]
[EventRounds "7"]
[EventType "team-swiss"]
[EventDate "2014.10.02"]

1. e4 c6 2. d4 d5 3. f3 Qb6 4. Nc3 dxe4 5. fxe4 e5 6. dxe5 Be6 7. Nf3 Nd7 8.
Bd2 O-O-O 9. Na4 Qc7 10. Qe2 Nxe5 11. Nxe5 Qxe5 12. Nc3 Nf6 13. h3 Qg3+ 14. Kd1
Ng4 15. Kc1 Nf2 16. Rg1 Rxd2 17. Qxd2 Bc5 18. Kb1 Rd8 19. Qe1 Nxe4 20. Qxe4
Bxg1 21. Bd3 g6 22. Qe2 Bd4 23. Ne4 Qh2 24. c3 Bg7 25. Kc2 Bf5 26. Rd1 Qe5 27.
g4 Be6 28. Qe3 Kb8 29. Qg5 Qc7 30. Nc5 Bd5 31. Ba6 h6 32. Qe3 b6 33. Nb3 Qd7
34. Be2 Re8 35. Qg3+ Be5 36. Qd3 Bf4 37. Bf3 Re3 38. Qf1 g5 39. c4 Qc7 40. cxd5
cxd5+ 41. Kb1 Qe5 42. Bxd5 f6 43. Bh1 Re2 44. Nd4 Rxb2+ 45. Kxb2 Qc5 46. Qb5
Bc1+ 47. Kb1 1-0